Normal view
MARC view
Entry Personal Name
001 - CONTROL NUMBER
- control field: 48144
003 - CONTROL NUMBER IDENTIFIER
- control field: dpl
005 - DATE AND TIME OF LATEST TRANSACTION
- control field: 20120529143618.0
008 - FIXED-LENGTH DATA ELEMENTS
- fixed length control field: 120529|||a|||||| | ||| d
040 ## - CATALOGING SOURCE
- Original cataloging agency: dpl
- Transcribing agency: dpl
100 ## - HEADING--PERSONAL NAME
- Personal name: Malhotra's OP
670 ## - SOURCE DATA FOUND
- Source citation: Work cat.: (dpl)67132: Malhotra's OP, The law of industrial disputes /, 2004
670 ## - SOURCE DATA FOUND
- Source citation: Work cat.: (dpl)67132: Malhotra's OP, The law of industrial disputes /, 2004
